[Event "FRA-ch Final stage"]
[Site "Besancon"]
[Date "1999.08.24"]
[Round "1.6"]
[White "Lautier, Joel"]
[Black "Koch, Jean Rene"]
[Result "1-0"]
[WhiteElo "2638"]
[BlackElo "2510"]
[Annotator "Alterman,B"]
[PlyCount "79"]
[EventDate "1999.08.23"]
[EventType "k.o."]
[EventRounds "2"]
[EventCountry "FRA"]
[SourceTitle "CBM 073"]
[Source "ChessBase"]
[SourceDate "1999.12.01"]
[SourceVersion "1"]
[SourceVersionDate "1999.12.01"]
[SourceQuality "1"]

1. c4 Nf6 2. Nf3 c5 3. Nc3 Nc6 4. d4 cxd4 5. Nxd4 g6 6. e4 d6 7. Be2 Bg7 8. Be3
O-O 9. O-O Bd7 10. f3 Nxd4 11. Bxd4 a5 12. b3 Bc6 13. Qd2 Nd7 14. Be3 Nc5 15.
Rab1 Qb6 16. Rfc1 Rfc8 17. Kh1 (17. Bf1 Qd8 (17... Qb4 18. Rc2 a4 19. Nd5 Qxd2
20. Bxd2 axb3 21. axb3 Bd4+ 22. Be3 Bxe3+ 23. Nxe3 Ra3 24. Rcb2 Rca8 25. Nc2
R3a7 26. Nd4 Bd7 27. b4) 18. Qf2 Qf8 19. a3 e6 20. b4 axb4 21. axb4 Na4 22. Ne2
f5 23. exf5 gxf5 24. Nd4 f4 25. Bd2 Bd7 26. Bd3 Be5 27. Be4 Qf6 28. Ne2 Bc6 29.
Bxc6 Rxc6 30. Rb3 Rac8 31. Ra3 Nb6 32. c5) (17. a3 Nxb3 18. Bxb6 Nxd2 19. Rb2
Nxc4 20. Bxc4 Bd7 21. Bd5 Bxc3 22. Rbb1 Be5 23. Bxb7 Rxc1+ 24. Rxc1 Rb8 25. Rc7
Be6 26. Ba7 Re8 27. Be3 a4 28. Bc6 Rb8 29. Rxe7 Rb1+ 30. Kf2 Rb2+ 31. Kg1 Rb1+
32. Kf2) 17... Qd8 (17... Qb4 18. Qb2 Qb6 19. Rc2 Qd8 20. Rd1 Qf8 21. Qc1 h5
22. Nd5 Bxd5 23. cxd5 Na6 24. Bxa6 bxa6 25. Rc6 Qe8 26. Qc4 e6 27. Rc1 exd5 28.
Qxd5) 18. Bd1 (18. Rd1 Qf8 19. a3 h5 20. b4 axb4 21. axb4 Na4 22. Nxa4 Rxa4 23.
Bd4 h4 24. h3 Bxd4 25. Qxd4 Qg7 26. Qxg7+ Kxg7 27. b5 Bd7 28. Ra1 Rxa1 29. Rxa1
) (18. Bf1 Qf8 19. Nd5 Bxd5 20. cxd5 f5 21. exf5 Qxf5 22. Bb5) 18... Ne6 (18...
e6 19. Nb5) 19. a3 b6 20. Nd5 Bxd5 (20... Nc5) 21. cxd5 Rxc1 22. Rxc1 Nc5 23.
b4 axb4 24. axb4 Nd7 25. Be2 Ra1 26. Rxa1 Bxa1 27. Qc1 Qa8 28. Bb5 Ne5 (28...
Qb7 29. Qc6 Qxc6 30. dxc6) 29. Bxb6 Qa2 30. Bf1 Bb2 31. Qd1 Qa3 32. b5 Qb4 33.
Bf2 (33. Be3 Nd7) 33... Nd7 34. Qc2 (34. Qb1 Nc5 35. Be2) 34... Bc3 (34... Bd4
35. Qc8+ Nf8 36. Bh4 Qb1 37. Qc4) 35. Qd3 Nc5 36. Qc4 Qb2 37. Kg1 Be5 38. g3
Kg7 39. f4 Bf6 40. e5 1-0

[Event "Petermaennchen GM"]
[Site "Schwerin"]
[Date "1999.08.10"]
[Round "2"]
[White "Petrosian, Arshak B"]
[Black "Bischoff, Klaus"]
[Result "1/2-1/2"]
[WhiteElo "2514"]
[BlackElo "2509"]
[Annotator "Alterman,B"]
[PlyCount "45"]
[EventDate "1999.08.09"]
[EventType "tourn"]
[EventRounds "9"]
[EventCountry "GER"]
[EventCategory "10"]
[SourceTitle "CBM 073"]
[Source "ChessBase"]
[SourceDate "1999.12.01"]
[SourceVersion "1"]
[SourceVersionDate "1999.12.01"]
[SourceQuality "1"]

1. Nf3 c5 2. c4 g6 3. e4 Bg7 4. d4 cxd4 5. Nxd4 Nf6 6. Nc3 d6 7. Be2 O-O 8. O-O
Nc6 9. Be3 Bd7 10. Rc1 Nxd4 11. Bxd4 Bc6 12. f3 a5 13. Qd2 Nd7 14. Be3 Nc5 15.
Rfd1 Qb6 16. b3 Rfc8 17. Nb5 Qd8 18. Nd4 (18. Rc2 b6 19. Bf1 Qd7 20. Nc3 Qb7
21. Qf2 Na6 22. Rcc1 a4 23. Nd5 Bxd5 24. cxd5 axb3 25. axb3 b5 26. f4 b4 27.
Rc4 Rxc4 28. Bxc4 Nc7 29. Qe2 Ra5 30. Bf2 Nb5 31. Rc1 Nc3 32. Qd3 Qa8 33. g3 {
1/2-1/2 Karpov,A-Mariotti,S/Milano 1975/MCL (33)}) (18. Qe1 Qf8 19. Qh4 Bf6 20.
Qf2 Bg7 21. Nc3 b6 22. Qh4 Bf6 23. Qe1 e6 24. Bf1 Qe7 25. Ne2 Bg5 26. Bxg5 Qxg5
27. Qd2 Qxd2 28. Rxd2 Nb7 29. Nd4 e5 30. Nc2 Kf8 31. Rcd1 Ke7 32. Ne3 Rd8 33.
Kf2 Nc5 34. Nd5+ Bxd5 35. cxd5 Rf8 36. Rc2 {1/2-1/2 Sax,G-Petursson,M/New York
1987/CBM 02 (36)}) (18. Bf1 Qf8 19. Nc3 h5 (19... b6 20. Nd5 Rab8 21. Rb1 Be5
22. Bh6 Bg7 23. Bg5 Rb7 24. Re1 Ne6 25. Be3 Nc5 26. Rbd1 Rcb8 27. Rc1 e6 28.
Nc3 Rd7 29. Red1 Qd8 30. Qe1 Be5 31. Ne2 Qe7 32. Nd4 Ba8 33. Qf2 {1/2-1/2 Sax,
G-Petursson,M/Reykjavik 1988/CBM 10 (33)}) 20. Nd5 Bxd5 21. exd5 Bf6 22. g3 Qg7
23. Rb1 Ra6 24. Bh3 Rca8 25. Qf2 b6 26. Bf1 R6a7 27. a3 g5 28. Qc2 Rc7 29. Kh1
Nd7 30. b4 axb4 31. axb4 Ra3 {1/2-1/2 Gavrikov,V-Bjergtrup,M/London 1988/TD 
(57)}) 18... Qf8 (18... Qb6 19. Rb1 Qb4 20. Qc1 Ne6 21. a3 Nxd4 22. Rxd4 Qb6
23. Rxd6 Qc7 24. Rd1 Rd8 25. Qc2 Be5 26. h3 Bd6 27. c5 Bd7 28. Rbc1 Bh2+ 29.
Kh1 Be5 30. Bc4 {1-0 Veroci,Z-Ramon,V/Dubai 1986/TD (54)}) 19. Rb1 (19. Bf1 Bd7
20. g3 h5 21. Bg2 Kh7 22. Qe2 Bh6 23. Rf1 Bxe3+ 24. Qxe3 e5 25. Nb5 Bxb5 26.
cxb5 Qe7 27. f4 a4 28. Bh3 Rf8 29. b4 exf4 30. Rxf4 Ne6 31. Bxe6 {0-1
Kleinschmidt,F-Leimeister,E/Bruchkoebel 1993/GER (55)}) 19... Bd7 (19... Bf6
20. a3 Qg7 21. b4 axb4 22. axb4 Ne6 23. Nxe6 fxe6 24. b5 Be8 25. f4 Bf7 26. e5
dxe5 27. fxe5 Bxe5 28. c5 Bc3 29. Qd3 Qe5 30. Bf3 g5 31. Rb3 {1-0 Nunn,
J-Velimirovic,D/Dubai 1986/TD (45)}) 20. Bf1 $5 $146 (20. a3 Be5 21. b4 axb4
22. axb4 Ne6 23. f4 {1/2-1/2 Bellia,F-Rossi,C/Chianciano 1989/EXT 97 (47)})
20... Be6 21. Nxe6 {[%mdl 16384]} (21. Rdc1 $5 {[%cal Ga2a3,Gb3b4]} h5) 21...
Nxe6 22. Rbc1 a4 23. Qb4 (23. Qb4 axb3 24. axb3 {[%cal Ga8a2]} Nc5 $11 {
[%csl Gb3][%cal Gg7a1]}) (23. b4 a3 $1 24. Rc2 Bf6 $13) 1/2-1/2

[Event "USA-ch Gr-A"]
[Site "Salt Lake City"]
[Date "1999.08.25"]
[Round "3"]
[White "Gurevich, Dmitry"]
[Black "Shliperman, Igor"]
[Result "1/2-1/2"]
[WhiteElo "2537"]
[BlackElo "2466"]
[Annotator "Alterman,B"]
[PlyCount "89"]
[EventDate "1999.08.05"]
[EventType "tourn"]
[EventRounds "7"]
[EventCountry "USA"]
[EventCategory "13"]
[SourceTitle "CBM 073"]
[Source "ChessBase"]
[SourceDate "1999.12.01"]
[SourceVersion "1"]
[SourceVersionDate "1999.12.01"]
[SourceQuality "1"]

1. Nf3 c5 2. c4 g6 3. d4 cxd4 4. Nxd4 Bg7 5. e4 Nc6 6. Be3 Nf6 7. Nc3 O-O 8.
Be2 d6 9. O-O Bd7 10. Qd2 Nxd4 11. Bxd4 Bc6 12. f3 a5 13. Rab1 Nd7 14. Be3 Nc5
15. b3 Qb6 16. Kh1 Rfc8 (16... Qb4 17. Rfc1 (17. Nd5 Bxd5 18. exd5 Rfc8 19. Qc1
Qc3 20. a3 Qe5 21. Re1 b5 22. Bf1 Qf5 23. Bxc5 Rxc5 24. Qe3 b4 25. a4 Be5 26.
g4 Qf6 27. Bd3 {1-0 Reizniece,D-Chasovnikova,E/Murek 1998/CBM 65 ext (49)})
17... f5 18. exf5 Rxf5 19. Bd4 Bxd4 20. Qxd4 Raf8 21. Re1 Ne6 22. Qd2 Nf4 23.
Bf1 R8f7 24. Rbd1 g5 25. Ne4 Qxd2 26. Nxd2 Kf8 27. Kg1 R5f6 28. Re3 {1/2-1/2
Brynell,S-Jepson,C/Haninge 1997/EXT 98 (47)}) 17. Rfd1 (17. Rfc1 h5 (17... Qb4
18. Qe1 (18. Qb2 Qb6 19. Rc2 Qd8 20. Qc1 Qf8 21. Qd2 f5 22. exf5 Qxf5 23. Rbc1
Rf8 24. Nb5 Ne6 25. Bf1 Qh5 26. Qf2 Be5 27. Qg1 g5 {1/2-1/2 Danielsen,
H-Bjerring,K/DEN-ch 1988/EXT 97 (27)}) 18... Be5 (18... a4 19. bxa4 Qa3 20. Bd2
Nxa4 21. Rb3 Qc5 22. Nd5 Bxd5 23. cxd5 Qa7 24. Rxc8+ Rxc8 25. Ra3 Bb2 26. Be3
Bd4 27. Bg5 Bc5 28. Rb3 {0-1 Pinkas,K-Piven,I/Werfen 1992/EXT 97 (45)}) 19. Bd2
Qb6 20. Be3 Qd8 21. a3 Qf8 22. b4 axb4 23. axb4 Na4 24. Nxa4 Rxa4 25. Qd2 Rca8
26. b5 Be8 27. f4 Ra2 28. Rc2 Rxc2 29. Qxc2 {0-1 Juarez,C-Scarella,E/Florida
Valle 1993/EXT 98 (41)}) (17... Qd8 18. Bd1 Be5 19. Bg5 Qf8 20. Bh6 Bg7 21. Be3
Rd8 22. a3 e5 23. Bc2 h5 24. Rd1 Ne6 25. Ne2 h4 26. h3 Bf6 27. Bb6 Bg5 28. Qe1
Rdc8 29. Bxa5 b5 30. Bb4 {1-0 Rodriguez Lopez,R-Paschall,W/Budapest 1997/EXT
99 (50)}) 18. Rc2 Qd8 19. Nd5 Kh7 20. Bf1 b6 21. a3 Ra7 22. h3 Bxd5 23. exd5
Bf6 24. Qf2 Rb8 25. g4 hxg4 26. hxg4 g5 27. f4 Kg7 28. Qf3 e5 29. dxe6 Nxe6 30.
Rh2 {1-0 Polgar,Z-Popovic,P/Novi Sad 1990/EXT 97 (41)}) 17... Qd8 18. Nd5 b6
19. Bf1 Rab8 20. Qf2 Qf8 21. Qh4 f6 22. a3 $6 {[%mdl 16384] Dubious plan .
White lose control over the central squares. After} (22. Bd4 $1 Rb7 23. Rd2 {
Black has unpleasant position.}) 22... e6 $1 23. Nc3 f5 {[%mdl 32]} 24. Nb5 Bf6
25. Qh3 Rd8 26. exf5 exf5 {[%csl Rh3]} 27. Bf4 (27. Nd4 Bd7) (27. Bd4 Bxb5 28.
cxb5 d5 $1) (27. b4 axb4 28. axb4 Ne6 {[%csl Rh3]}) 27... Be5 28. Bg5 Rd7 29.
Nd4 Bxd4 30. Rxd4 Ne6 31. Bh6 Qf6 32. Rd3 $2 {[%mdl 8192]} (32. Rdd1 $1 g5 33.
Qh5 Qf7 (33... Qg6 34. Qxg6+ hxg6 35. Rd3) 34. Qxf7+ (34. Qh3 Qg6 $17) 34...
Kxf7 35. h4 gxh4 36. Be3 $44) 32... g5 33. g3 $2 {[%mdl 8192] After this weak
move black has technically winning position,much better was} (33. Qh5 Nf4 34.
Qxg5+ Qxg5 35. Bxg5 Nxd3 36. Bxd3 $44 {Whis a good compensation for the
exchange.}) 33... g4 34. Qh4 Qxh4 35. gxh4 Bxf3+ 36. Bg2 Bxg2+ {[%mdl 4096]} (
36... Nc5 37. Re3 Be4 38. Rf1 Rf7 39. Bf4 Re8 $17) 37. Kxg2 b5 $6 {[%mdl 16384]
} 38. Rf1 $1 bxc4 39. bxc4 Rb2+ 40. Rd2 Rxd2+ 41. Bxd2 d5 42. c5 (42. Rxf5 dxc4
43. Bxa5 Rd3 $17) 42... Nxc5 {Last mistake,better was} (42... Rf7 $1 43. c6 Nd4
$17 {And white should to work for a draw.}) 43. Rxf5 Nb3 44. Bh6 Rd8 45. Rg5+
1/2-1/2

[Event "Hotel Agro GM"]
[Site "Budapest"]
[Date "1999.08.02"]
[Round "4"]
[White "Acs, Peter"]
[Black "Ovsejevitsch, Sergei"]
[Result "1-0"]
[WhiteElo "2525"]
[BlackElo "2515"]
[Annotator "Alterman,B"]
[PlyCount "69"]
[EventDate "1999.08.05"]
[EventType "tourn"]
[EventRounds "9"]
[EventCountry "HUN"]
[EventCategory "10"]
[SourceTitle "CBM 073"]
[Source "ChessBase"]
[SourceDate "1999.12.01"]
[SourceVersion "1"]
[SourceVersionDate "1999.12.01"]
[SourceQuality "1"]

1. e4 c5 2. Nf3 Nc6 3. d4 cxd4 4. Nxd4 g6 5. c4 Bg7 6. Be3 Nf6 7. Nc3 O-O 8.
Be2 d6 9. O-O Bd7 10. Qd2 Nxd4 11. Bxd4 Bc6 12. f3 a5 13. Rab1 Nd7 14. Be3 Nc5
15. b3 Qb6 16. Nb5 Rfc8 17. Kh1 (17. Rfd1 Qd8 18. Nc3 Qc7 19. Bf1 b6 20. Nd5
Qb7 21. Bg5 Bxd5 22. exd5 Re8 23. Re1 Qc7 24. h4 e5 25. dxe6 Rxe6 26. Rbd1 Rae8
27. Rxe6 Rxe6 28. Qd5 Qc8 29. g3 {1-0 Kudrin,S-Velimirovic,D/Thessaloniki 1988/
TD (51)}) (17. a3 Qd8 18. Nd4 Bd7 19. Rfd1 Qf8 20. b4 axb4 21. axb4 Ne6 22. Nb3
(22. Ra1 Rxa1 23. Rxa1 Ra8 24. Rxa8 Qxa8 25. Nxe6 Bxe6 26. Bd4 Bxd4+ 27. Qxd4
Qa2 28. Kf2 h5 29. h3 b6 30. f4 Qc2 31. e5 dxe5 32. fxe5 Qf5+ 33. Kg3 h4+ 34.
Kh2 Qc2 35. Bg4 Qxc4 36. Qd8+ Kg7 37. Qxe7 Qf4+ 38. Kg1 Qe3+ 39. Kh1 Qe1+ 40.
Kh2 Qxe5+ {0-1 Jansa,V-Petursson,M/Naestved 1988/TD (40)}) 22... Ra3 23. Rdc1 (
23. Qc1 Ra2 24. Bf1 Ba4 25. Rd2 {1/2-1/2 Krasenkow,M-Kirov,N/Palma de Mallorca
1989/TD (25)}) 23... Ba4 24. Bd1 Ra8 25. Kh1 Be5 26. f4 Bf6 27. c5 Bc6 28. Bf3
dxc5 29. b5 Bxb5 30. e5 Bg7 31. Bxb7 Rd8 32. Qb2 Ra7 33. Nxc5 Nxc5 34. Bf3 Bd3
35. Bxc5 Rc7 36. Ra1 Rdc8 37. Be3 {1/2-1/2 Cebalo,M-Petursson,M/San Bernardino
1989/EXT 97 (37)}) (17. Rfc1 Qd8 18. Nd4 Bd7 19. Bd1 Qe8 20. Be2 h5 21. Bf1 Kh7
22. Re1 Qh8 23. Rbc1 Bf6 24. Bf2 Qg7 25. f4 Qh6 26. Nf3 Be8 27. g3 Kg8 28. Bg2
b6 29. Qe2 Rab8 30. e5 {1/2-1/2 Adams,M-Larsen,B/London 1990/CBM 18 (52)})
17... Qd8 18. Nd4 (18. Rfd1 Qf8 19. Nc3 Be5 20. Rdc1 h5 21. Nd5 Bxd5 22. exd5
Qg7 23. f4 Bf6 24. Bf3 Kh7 25. Rc2 Rc7 26. a3 a4 27. b4 Nb3 28. Qd3 Bd4 29. c5
dxc5 30. Bxd4 {0-1 Casafus,R-Tempone,M/Trelew 1995/EXT 97 (58)}) 18... Qe8 19.
Nb5 Qf8 20. Rfd1 Bf6 21. Nd4 Kh8 22. a3 {[%cal Gb3b4]} Bd7 23. b4 axb4 24. axb4
Ne6 {[%cal Ga8a3]} 25. Nb3 Ba4 26. Rdc1 Bxb3 27. Rxb3 Qg7 28. Rd1 g5 $6 {
[%mdl 16] White didn't get any advantage and after normal} (28... h5 $11 {
[%cal Ga8a1] I don't see any problems}) 29. g3 Qh6 $6 {Another strange move.
Much logical was} (29... Ra4 {[%cal Gc8a8]} 30. c5 $5 dxc5 31. bxc5 Nxc5 32.
Qc2 Bd4 33. Ra3 $2 (33. Bb5 Ra1 34. Rxa1 Bxa1 35. Bxc5 b6) 33... Rxa3 34. Bxd4
f6 35. Bxc5 Raa8 $1 {[%csl Rc5][%cal Gb7b6]}) 30. c5 $5 dxc5 31. bxc5 Nxc5 32.
Rb5 b6 33. Rxb6 Na4 $6 {[%mdl 16384]} (33... Ne6 $1 $14) 34. Ra6 Qg7 $2 {
[%mdl 8192] Loosing by force.After} (34... Rxa6 35. Bxa6 Rb8 36. Qa5 Nc3 37.
Rd2 $16 {Black should work hard for the draw.}) 35. Qa5 $1 1-0

[Event "Elgoibar 08th"]
[Site "Elgoibar"]
[Date "1998.11.28"]
[Round "8"]
[White "Korneev, Oleg"]
[Black "Georgiev, Vladimir"]
[Result "0-1"]
[WhiteElo "2600"]
[BlackElo "2540"]
[Annotator "Alterman,B"]
[PlyCount "120"]
[EventDate "1998.11.11"]
[EventType "tourn"]
[EventRounds "9"]
[EventCountry "ESP"]
[EventCategory "10"]
[SourceTitle "CBM 069"]
[Source "ChessBase"]
[SourceDate "1999.04.01"]
[SourceVersion "1"]
[SourceVersionDate "1999.04.01"]
[SourceQuality "1"]

{[%mdl 32]} 1. e4 {Hecht} c5 2. Nf3 Nc6 3. d4 cxd4 4. Nxd4 g6 5. c4 Bg7 6. Be3
Nf6 7. Nc3 O-O 8. Be2 d6 9. O-O Bd7 10. Qd2 (10. f3 Nxd4 11. Bxd4 Bc6 12. b4
Nh5 13. Bxg7 Nxg7 14. Rb1 a5 15. b5 Bd7 16. f4 $14 {Chiburdanidze,M-Ivkov,B
Monaco Veterans-Women (05) 1994 1/2 18}) 10... Nxd4 11. Bxd4 Bc6 12. f3 (12.
Bd3 a5 13. Rfe1 Nd7 14. Bxg7 Kxg7 15. Re3 h6 16. b3 Qb6 17. Nd5 Qd4 18. Rd1 e5
19. Nc3 Nf6 20. Bc2 Qxd2 21. Rxd2 Rfd8 $11 {Sorokin,M-Spangenberg,H Buenos
Aires ARG-WORLD (3) 1/2 35}) 12... a5 13. b3 (13. Rfe1 $6 {Der R gehört nach
c1 oder d1.} Nd7 14. Be3 a4 15. Bf1 Qa5 16. Rab1 Rfc8 $15 {Hernandez,
Rom-Zarnicki,P San Martin (08) 1994 1/2 44}) 13... Nd7 14. Be3 Nc5 15. Rab1 b6
(15... e6 16. Bd1 (16. Rfd1 Be5 17. Bf4 (17. g3 $1 Qe7 (17... Qf6 18. Bg5 $5)
18. Nb5 $16 {+/- Korneev,O-Cebalo,M/Porto San Gioirgio 1997/Inf 71/[Korneev,O]}
) (17. Bf1 $6 Qh4 18. h3 Qg3 $36) (17. Nb5 Qh4 $5 18. g3 Bxg3 $5 $13) 17... Qe7
18. Qe3 Rad8 19. Bg5 f6 20. Bh4 b6 21. a3 d5 22. cxd5 exd5 23. Nxd5 Bxd5 24.
Rxd5 Rxd5 {1/2-1/2 Fishbein,A-Sorensen,J/Copenhagen PC 1991/EXT 91op (32)}) (
16. Rfc1 b6 17. Rc2 Qe7 18. Bf1 Rfd8 19. Rd1 Ra7 20. Bg5 Bf6 21. Bxf6 Qxf6 22.
Qe3 Rb7 23. Rcd2 e5 24. g3 Kg7 25. Bh3 Qe7 26. f4 {1/2-1/2 Wojtkiewicz,
A-Olafsson,H/St.Martin op 1993/TD 93\03 (39)}) (16. Bh6 $6 Bxh6 17. Qxh6 e5 $5
$13) 16... f5 17. exf5 Rxf5 18. Ne2 {+/- Tringov,G-Haik,A/Vrnjacka Banja 1986/
Inf 41}) (15... Qb6 16. Rfc1 Rfc8 17. Bf1 Qb4 18. Qb2 Qb6 19. Qf2 h5 20. Rc2
Qd8 21. Rd1 b6 $11 {Olafsson,H-Larsen,B Hastings 1990 1/2 58}) (15... f5 16.
exf5 gxf5 17. a3 f4 18. Bf2 Kh8 19. b4 axb4 20. axb4 Na4 {1/2-1/2 Berg,K-Hoi,C/
DEN-ch 1991/TD 91\06}) (15... Qd7 16. Rfd1 Qc7 17. Nd5 {1/2-1/2 Badea,
B-Vasilescu,L/Bucharest2 1993/EXT 93}) (15... h5 16. Rfe1 Kh7 17. Bd1 e6 18.
Bc2 Qe7 19. a3 Rfc8 20. Bf4 Nd7 21. Nd5 Bxd5 22. exd5 e5 23. Qe2 Qf8 24. Be3
Bh6 25. Bf2 Kg8 26. g4 hxg4 27. fxg4 {2.26-2.15 0-1 Diaz,J-Garcia,G/Capablanca
mem-B 1993/EXP 35 (49)}) 16. Nd5 (16. Rfc1 Ra7 (16... Qd7 17. Bf1 Rfb8 18. Qf2
Bxc3 $2 19. Rxc3 Bxe4 $2 20. fxe4 Nxe4 21. Qe1 Nxc3 22. Qxc3 $16 {Banas,
I-Schmidt,S Viernheim (05) 1992 1-0 71}) 17. Bf1 Qa8 (17... e6 18. Qf2 f5 19.
exf5 gxf5 20. Rc2 f4 21. Bd4 Bxd4 22. Qxd4 e5 23. Qd2 Rg7 24. Nd5 Ne6 25. Kh1
Nd4 26. Rc3 Rf5 27. b4 axb4 28. Rxb4 Rh5 29. Qf2 {0-1 Bar,R-Kagan,S/ISR-chT
1996/EXP 52 (41)}) 18. Nd5 Bxd5 19. cxd5 Rc8 20. Bb5 Rac7 21. Rc4 Kh8 22. Rbc1
Rf8 23. Qc2 Ra7 24. a3 h6 25. Bc6 Qb8 26. Bb5 Qa8 27. Bc6 Qb8 28. b4 axb4 29.
axb4 Ra3 30. Qe2 Nd3 31. Rb1 Ne5 32. Rc2 {1/2-1/2 Cramling,P-Ramon,V/
Thessaloniki olw 1984/BIG 80 (47)}) (16. Bd1 Qb8 17. a3 Rc8 18. Nd5 Bxd5 19.
exd5 a4 20. b4 Nb3 21. Qe2 b5 22. cxb5 Rc3 23. Bxb3 Rxb3 24. Rxb3 axb3 25. Qd3
b2 26. b6 Qe8 27. Rb1 Qa4 28. b7 Rf8 29. Bd4 Bxd4+ 30. Qxd4 {1-0 Anand,
V-Larsen,B/Cannes schev 1989/CBM 11 (36)}) (16. Rfd1 Kh8 (16... Qb8 $146 17.
Nd5 Re8 (17... Bxd5 18. exd5 {/\ a3, b4 +/-}) 18. a3 (18. Bg5 Qb7 19. Nxe7+ $2
Rxe7 20. Bxe7 Qxe7 21. Qxd6 Qb7 $15) 18... Nd7 19. Bg5 Kf8 (19... Qd8 20. Nxe7+
$5 Rxe7 21. Bxe7 Qxe7 22. Qxd6 Qxd6 23. Rxd6 Rc8 24. Rbd1 Nc5 25. Rd8+ Rxd8 26.
Rxd8+ Bf8 27. b4 axb4 28. axb4 Na4 $13) 20. Kh1 {Wojtkiewicz,A-De Firmian,N/
Rubinstein mem 1995/CBM 49/[Boensch,U]/1-0 (61)}) 17. a3 Rg8 18. Bd4 Qf8 19. b4
axb4 20. axb4 Nd7 21. Nd5 f5 22. Nc7 Ra7 23. Ne6 Bxd4+ 24. Qxd4+ Qf6 25. Qxf6+
Nxf6 26. exf5 {1-0 Drasko,M-Antic,D/JUG-ch 1991/TD 91\07 (32)}) 16... Re8 17.
a3 (17. Rfd1 $1 e6 18. Nc3 Rc8 (18... Be5) 19. Rbc1 Be5) 17... e6 18. Nf4 a4
19. b4 Nb3 20. Qe1 d5 $1 {[%cal Gd5d4,Rd5e4,Rd5c4]} 21. Rd1 (21. cxd5 exd5 22.
Rd1 (22. Nxd5 Bxd5 23. Rd1 Nd4 24. Bxd4 Bb3 25. Bxg7 Bxd1 26. Ba1 Bxe2 27. Qxe2
Re6 $17) 22... d4 23. Bf2 (23. b5 Bb7 24. Bf2 Qd6) 23... b5 24. Nd3 Rc8 $15)
21... d4 22. Bf2 f5 $1 23. Bd3 Be5 24. Bg3 $6 (24. g3 $1 Qc7 25. Ng2 Bd6 26.
Qe2 $13) 24... Qc7 25. Ne2 fxe4 26. fxe4 Rf8 $15 27. Rf3 Kg7 28. Bxe5+ $6 (28.
Qf2 $5 Bxg3 29. Nxg3 Rxf3 (29... Qe5 30. Rf1) 30. gxf3 Rf8 $132) 28... Qxe5 29.
Qh4 Rf6 30. Rxf6 Qxf6 31. Qg3 e5 32. Rf1 (32. Kh1 $1 Rf8 33. Ng1 Qf4 34. Qe1
$15) 32... Qe7 33. Rd1 Rf8 $17 34. Kh1 h5 35. Ng1 h4 36. Qe1 Bd7 37. h3 (37.
Nf3 h3) 37... Qf6 38. Qe2 Qf4 {Black peaces are very strong placed, and
Korneev decides to exchange Qeens and rooks but this doesn't help him, black
still has good winning chances in the endgame.} 39. Rf1 Qxf1 40. Qxf1 Rxf1 41.
Bxf1 Nd2 42. Bd3 Kf6 43. Kh2 (43. Nf3 Nxf3 44. gxf3 Bxh3 45. c5 bxc5 46. b5 Ke7
$19) 43... Bc6 44. Nf3 Nxe4 45. Nxh4 g5 46. Nf3 Nf2 {After losing pawn on e4
rest is clear.} 47. Bf1 Bxf3 48. Kg3 d3 49. Kxf3 d2 50. Be2 d1=Q 51. Bxd1 Nxd1
{Hecht: '[#] Der schwarze König und sein Vasall werden auf den Punkt genau mit
den sich formierenden entfernten weißen Freibauern fertig. Ich sehe keine
besseren weißen Möglichkeiten. '} 52. g3 (52. Ke4 {Hecht} Nc3+ {[%csl Gd5]}) (
52. Ke2 {Hecht} Nb2 {[%csl Ra3,Rc4,Gd3]}) 52... Nb2 53. c5 bxc5 54. bxc5 (54.
b5 {Hecht} Nc4 55. Ke4 (55. h4 gxh4 56. gxh4 Nb6 57. Ke4 c4 $19) 55... Nxa3 56.
b6 Nc4 57. b7 Nd6+ $19) 54... Nc4 55. c6 Ke6 56. h4 gxh4 57. gxh4 Nxa3 58. c7
Kd7 59. h5 Nc4 60. h6 Nd6 0-1